000 00422nam a2200145Ia 4500
005 20250224110443.0
008 231217s9999 xx 000 0 und d
020 _a9788131413487
082 _a342.0853 SRI;1 R
100 _aSri Krishna, C ed.
245 0 _aIPR and commercialization : economic issues and implications
260 _c2008
_bIcfai
_aHyderabad
650 _aIPR,commercialization,economic
942 _cAA
999 _c188383
_d188383